ბათუმის შოთა რუსთაველის სახელმწიფო უნივერსიტეტის ბიბლიოთეკა

ფრანგული ენის ისტორია (ბიბ.ჩანაწერი № 34538)

000 -LEADER
fixed length control field 00656nam a2200229Ia 4500
001 - CONTROL NUMBER
control field 293
003 - CONTROL NUMBER IDENTIFIER
control field GE_BSU
008 - FIXED-LENGTH DATA ELEMENTS--GENERAL INFORMATION
fixed length control field 181216s||||||||xx |||||||||||||| ||und||
020 ## - INTERNATIONAL STANDARD BOOK NUMBER
International Standard Book Number 99928730212
040 ## - CATALOGING SOURCE
Transcribing agency GE_BSU
080 ## - UNIVERSAL DECIMAL CLASSIFICATION NUMBER
Universal Decimal Classification number 811.133.1.09
100 ## - MAIN ENTRY--PERSONAL NAME
Personal name ახვლედიანი,ციური
245 ## - TITLE STATEMENT
Title ფრანგული ენის ისტორია
245 ## - TITLE STATEMENT
Remainder of title სალექციო კურსი
260 ## - PUBLICATION, DISTRIBUTION, ETC.
Place of publication, distribution, etc. თბილისი
260 ## - PUBLICATION, DISTRIBUTION, ETC.
Name of publisher, distributor, etc. მედეა
260 ## - PUBLICATION, DISTRIBUTION, ETC.
Date of publication, distribution, etc. 2008
300 ## - PHYSICAL DESCRIPTION
Extent 269 გვ.
653 ## - INDEX TERM--UNCONTROLLED
Uncontrolled term ფრანგული ენის ისტორია
942 ## - ADDED ENTRY ELEMENTS (KOHA)
Koha item type წიგნი
ეგზემპლარები
Withdrawn status Lost status Damaged status Not for loan Date acquired Barcode Date last seen Price effective from Koha item type
        2018-12-17 1459 2018-12-17 2018-12-17 წიგნი